Statistics for World Capitals Closest to Gitega - 30 Second Sprint

Click here to take the quiz!

General Stats

  • This quiz has been taken 10 times
  • The average score is 9 of 20

Answer Stats

kmcapitalmiles% Correct
1344Lusaka835
86%
714Dodoma444
71%
941Juba585
71%
2127Khartoum1321
71%
164Kigali102
71%
1247Lilongwe775
71%
1631Kinshasa1013
57%
1937Luanda1203
57%
803Nairobi499
57%
1694Addis Ababa1053
43%
1535Bangui954
43%
1633Brazzaville1015
43%
1608Harare999
43%
515Kampala320
43%
1821Mogadishu1131
43%
2312Asmara1436
29%
2221Djibouti1380
29%
2316Libreville1439
0%
1734Moroni1078
0%
2200Yaoundé1367
0%

Score Distribution

Percentile by Number Answered

Percent of People with Each Score

Your Score History

You have not taken this quiz